000 00315nam a22001337a 4500
008 171013b xxu||||| |||| 00| 0 eng d
020 _a9780534537579
041 _aeng
080 _27 ED
_a316
100 _a51
101 _aSOC
245 _aTHE MARRIAGE AND FAMILY EXPERIENCE
_cSTRONG.B
942 _2udc
_cBK
999 _c33731
_d33731